000
00459nam a2200157Ia 4500
008
100122s9999 xx 000 0 und d
082
_b
68908
_a
780.9
100
_a
अत्रे प्रभा
245
_a
सुस्वराली
250
_a
3
260
_b
बुकमार्क पब्लिकेशन्स
_c
2004
300
_a
150
630
_a
सुस्वराली
730
_a
सुस्वराली
942
_c
BOOK
999
_c
440411
_d
440408